UNIX V. /

Uložené v:
Podrobná bibliografia
Hlavný autor: Hnát, Jiří (Author)
Médium: Kniha
Jazyk:Czech
Vydané: Praha : Grada Publishing, spol. s r.o., 1993
Vydanie:1. vyd.
Témy:
ISBN: 8071690082 (brož.)
Fyzický popis: 351 s.
Tagy: Pridať tag
Žiadne tagy, Buďte prvý kto otaguje tento záznam!

MARC

LEADER 00000nam a2200000 a 4500
001 000071921
003 SVKK
005 20010430000000.0
008 000426s1993 cs e czeo
020 |a 8071690082 (brož.) 
040 |a SVKKK  |b slo  |c SVKKK  |e AACR2 
041 0 |a cze 
044 |a cs  |c CS 
080 |a 681.3.066 Unix V  |2 1997 
100 1 |a Hnát, Jiří  |4 aut 
245 1 0 |a UNIX V. /  |c Jiří Hnát 
250 |a 1. vyd. 
260 |a Praha :  |b Grada Publishing, spol. s r.o.,  |c 1993 
300 |a 351 s. 
653 0 |a Unix V (systém operač.)  |2 SVKKKPH 
653 0 |a systémy operačné  |2 SVKKKPH 
653 0 |a príručky  |2 SVKKKPH 
655 7 |a príručky  |2 SVKKKPH 
910 |a svkkk 
919 |a 80-7169-008-2 
974 |a MI  |d 20000426 
974 |a PA  |d 20000426 
974 |a PA  |d 20010430 
998 |a BK 
090 |g SCKHL  |k Sklad Pribinova prízemie  |a IV.165611  |j 868595  |i 2720066022  |s Absenčne 
090 |g SCKHL  |k Sklad Pribinova prízemie  |a IV.165612  |j 868596  |i 2720137140  |s Absenčne 
090 |g SCKHL  |k Sklad Pribinova prízemie  |a IV.165613  |j 868597  |i 2720008658  |s Absenčne